000 01085nam a22003017a 4500
001 6080
003 FISKH
005 20250307104014.0
008 250307b cb ||||| |||| 00| 0 eng d
020 _a8780545873833
040 _aFISKH
_beng
_cFISKH
_dFISKH
050 _aPZ7.W24644 E
082 _a531
100 _aWarner, Sally
_d(1946-)
245 _aEllray Jakes :
_bWalks the plank /
_cBy Sally Warner ; Illustrated by Jamie Harper
250 _aThis edition first published in 2012
260 _aNew York :
_bScholastic,
_c2012.
300 _a112 pages :
_billustrations ;
_c20 cm
505 _aW
520 _aThird-grader EllRay is becoming famous for messing up, and when his little sister accidentally kills EllRay's class goldfish, and then he forgets his teacher's read-aloud book at home, it only makes matters worse.
521 8 _a820
_bLexile
521 8 _aW
_bRaz-Plus
650 _2African American
_aRealistic fiction
650 _2Behavior Fiction
_aSpring break
700 _aHarper, Jamie
_dillustrator
942 _2ddc
_cBK
_n0
999 _c6080
_d6080